000 02351cam a2200565 i 4500
001 xx004684767
003 NUKAT
005 20260401145221.0
008 190822s2019 pl g |001 0 pol c
020 _a9788380985582
_q(oprawa twarda) :
_czł 30,00
035 _a(OCoLC)1117293605
035 _a(NUKAT)xx004684767
040 _aSIEDL 001/EC
_bpol
_erda
_cSIEDL 001/EC
_dKAT U/DLs
_dWA 14/PTs
_dOLSZT 008/bak
041 0 _apol
_beng
045 2 _bd1944
_bd1956
046 _k2019
245 0 0 _aAparat bezpieczeństwa wobec mniejszości narodowych w Polsce w latach 1944-1956 /
_cpod redakcją Jarosława Syrnyka ; Instytut Pamięci Narodowej. Komisja Ścigania Zbrodni przeciwko Narodowi Polskiemu.
260 _aWarszawa :
_bInstytut Pamięci Narodowej - Komisja Ścigania Zbrodni przeciwko Narodowi Polskiemu,
_c2019.
300 _a279 stron ;
_c25 cm.
336 _aTekst
_btxt
_2rdacontent
337 _aBez urządzenia pośredniczącego
_bn
_2rdamedia
338 _aWolumin
_bnc
_2rdacarrier
380 _aKsiążki
380 _aPublikacje naukowe
385 _aHistorycy
385 _aPolitolodzy
385 _aSocjolodzy i socjolożki
388 1 _a2001-
504 _aBibliografia na stronach 249-265. Indeks.
546 _aStreszczenia w języku angielskim przy pracach.
610 1 7 _aPolska.
_bSłużba Bezpieczeństwa
_y1945-1970.
_2kaba
_939404
610 2 7 _aMinisterstwo Bezpieczeństwa Publicznego (Polska)
_2DBN
_939405
610 2 7 _aMinisterstwo Spraw Wewnętrznych (Polska ; 1954-1996)
_2DBN
_939406
610 2 7 _aUrząd Bezpieczeństwa (UB)
_2DBN
_939407
648 7 _a1901-2000
_2DBN
_934996
648 7 _a1939-1945
_2DBN
_936042
648 7 _a1945-1989
_2DBN
_936043
650 7 _aMniejszości
_xpolityka publiczna
_zPolska
_y1945-1970.
_2kaba
_939408
650 7 _aMniejszości narodowe
_2DBN
_935448
650 7 _aPolityka narodowościowa
_2DBN
_937194
650 7 _aPRL
_2DBN
_935084
651 7 _aPolska
_2DBN
_935076
655 7 _aMonografia
_2DBN
_935240
655 7 _aPraca zbiorowa
_2DBN
_935107
658 _aHistoria
700 1 _aSyrnyk, Jarosław
_d(1970- ).
_eRedakcja
_917547
710 2 _aInstytut Pamięci Narodowej - Komisja Ścigania Zbrodni przeciwko Narodowi Polskiemu.
_eInstytucja sprawcza
_eWydawca
_4pbl
_911792
920 _a978-83-8098-558-2 (oprawa twarda) : zł 30,00
942 _2ddc
_cBK_NM
999 _c27413
_d27413